000
00281nam a22001217a 4500
082
_a
823
_b
CON/T
100
_a
CONELLY, NEIL
245
_a
THE FIRST PRIZE CARROT
260
_a
UNITED STATES
_b
OTTENHEIMER
_c
1994
300
_a
10
650
_a
ENGLISH STORY
_z
UNITED STATES
942
_c
BK
999
_c
7509
_d
7509